000 00360nam a2200157Ia 4500
008 151213s9999 xx 000 0 und d
020 _a0-9751939-0-8
100 _aFazlul Huq
245 _aThe Dream Land
_cFazlul Huq
260 _bNew Horizon
_c2004
300 _a8451 p.
650 _aEnglish
650 _aEnglish
700 _aFazlul Huq
999 _c4289
_d4289